| 000 | 02072cam a22004214a 4500 | ||
|---|---|---|---|
| 999 |
_c26973 _d26973 |
||
| 001 | 14213665 | ||
| 003 | OSt | ||
| 005 | 20170207100437.0 | ||
| 008 | 051229s2006 nyuab bc 001 0 eng | ||
| 010 | _a 2005037903 | ||
| 015 |
_aGBA618780 _2bnb |
||
| 016 | 7 |
_a013391341 _2Uk |
|
| 020 | _a1588391809 (hdbk.) | ||
| 020 | _a1588391817 (pbk.) | ||
| 020 | _a0300111533 (Yale University Press) | ||
| 020 | _a9780300111538 | ||
| 035 | _a(OCoLC)ocm62804683 | ||
| 040 |
_aDLC _cDLC _dBAKER _dC#P _dVP@ _dUKM _dDLC |
||
| 041 | 0 |
_aeng _atib |
|
| 042 | _apcc | ||
| 043 | _aa-cc-ti | ||
| 050 | 0 | 0 |
_aNK6683.A3 _bT55 2006 |
| 082 | 0 | 0 |
_a739.70951/50747471 _222 |
| 100 | 1 | _aLaRocca, Donald J. | |
| 245 | 1 | 0 |
_aWarriors of the Himalayas : _brediscovering the arms and armor of Tibet / _cDonald J. LaRocca, with essays by John Clarke, Amy Heller, and Lozang Jamspal. |
| 260 |
_aNew York : _bMetropolitan Museum of Art ; _aNew Haven : _bYale University Press, _cc2006. |
||
| 300 |
_axii, 307 p. : _bill. (some col.), map ; _c29 cm. |
||
| 500 | _aCatalog of an exhibition at the Metropolitan Museum of Art, New York, Apr. 5-July 2, 2006. | ||
| 504 | _aIncludes bibliographical references (p. 289-298) and index. | ||
| 546 | _aIncludes excerpts from a text in Tibetan. | ||
| 650 | 0 |
_aArmor _zChina _zTibet Autonomous Region _vExhibitions. |
|
| 650 | 0 |
_aWeapons _zChina _zTibet Autonomous Region _vExhibitions. |
|
| 710 | 2 | _aMetropolitan Museum of Art (New York, N.Y.) | |
| 856 | 4 | 1 |
_3Table of contents only _uhttp://www.loc.gov/catdir/toc/ecip066/2005037903.html |
| 856 | 4 | 2 |
_3Contributor biographical information _uhttp://www.loc.gov/catdir/enhancements/fy0623/2005037903-b.html |
| 906 |
_a7 _bcbc _corignew _d1 _eecip _f20 _gy-gencatlg |
||
| 942 |
_2lcc _cBOOKS _hNK 6683 .A3T55 2006 |
||